000 00520nam a22001577a 4500
999 _c16797
_d16797
003 OSt
005 20220406114135.0
008 180405b ||||| |||| 00| 0 eng d
082 _aDPer 050 Dec 2015-Mar 2016 T48 v186-187
100 _aZacharek, Stephanie.
_944932
245 _aAusten heroine kills undead with moxie, manners/
_cStephanie Zacharek.
260 _aNew York:
_bTime Inc.,
_c©Dec 2015-Mar 2016.
300 _av187 n5, page 44:
_billustrations;
_c27 cm.
650 _aFiction.
_944933
942 _2ddc
_cPER